000 00779nam a2200265Ia 4500
003 OSt
005 20220930195052.0
006 a|||||r|||| 00| 0
007 ta
008 220926b |||||||| |||| 00| 0 hin d
024 _a13898
037 _cDissertations
040 _aCRL
_cCRL
_bhin
041 _2hin
_ahin
100 _aPathak Om Prakash
110 _aUniversity of Delhi. Faculty of Arts. Department of Buddhist Studies
245 0 _aPuggalpantit ke chauvan pudgal
260 _c1983
300 _a112p.
_ccm.
650 _aBUDDHISM
700 _a Dr. Mahesh Tiwari Gu.
700 _aUniversity of Delhi. Faculty of Arts. Department of Buddhist Studies
942 _cDIS
_2CC
999 _c898556
_d898556